Die Alkoholfahrt junger Verkehrsteilnehmer: Risikofaktoren und informelle soziale Kontrolle

Gespeichert in:  
Bibliographische Detailangaben
1. VerfasserIn: Hilsenbeck, Thomas (Verfasst von)
Medienart: Druck Buch
Sprache:Deutsch
Veröffentlicht: Göttingen Cuvillier 1997
In:Jahr: 1997
Ausgabe:1. Aufl.
Bestand in Tübingen:In Tübingen vorhanden.
IFK: C XIII 162
Verfügbarkeit prüfen: HBZ Gateway
Subito Bestelldienst: Jetzt bestellen.
Schlagwörter:

MARC

LEADER 00000cam a2200000 c 4500
001 235775908
003 DE-627
005 20251129022016.0
007 tu
008 971028s1997 gw ||||| m 00| ||ger c
015 |a 97,N43,0501  |2 dnb 
015 |a 98,A10,1128  |2 dnb 
016 7 |a 951596349  |2 DE-101 
020 |a 3895889644  |c  : DM 98.00, sfr 98.00, S 686.00 (kart.)  |9 3-89588-964-4 
035 |a (DE-627)235775908 
035 |a (DE-576)062286854 
035 |a (DE-599)GBV235775908 
035 |a (OCoLC)75798459 
035 |a (OCoLC)75798459 
040 |a DE-627  |b ger  |c DE-627  |e rakwb 
041 |a ger 
044 |c XA-DE 
084 |a 41  |a 11  |a 14  |a 33  |2 sdnb 
084 |a CW 7000  |2 rvk  |0 (DE-625)rvk/19203: 
084 |a ZO 4870  |2 rvk  |0 (DE-625)rvk/157747: 
084 |a 71.66  |2 bkl 
084 |a 86.71  |2 bkl 
100 1 |8 1\p  |a Hilsenbeck, Thomas  |0 (DE-588)173228933  |0 (DE-627)698148479  |0 (DE-576)134078543  |4 aut 
109 |a Hilsenbeck, Thomas 
245 1 4 |a Die Alkoholfahrt junger Verkehrsteilnehmer  |b Risikofaktoren und informelle soziale Kontrolle  |c vorgelegt von Thomas Hilsenbeck 
250 |a 1. Aufl. 
263 |a kart. : DM 98.00, sfr 98.00, S 686.00 
264 1 |a Göttingen  |b Cuvillier  |c 1997 
300 |a 284 S  |b graph. Darst  |c 21 cm 
336 |a Text  |b txt  |2 rdacontent 
337 |a ohne Hilfsmittel zu benutzen  |b n  |2 rdamedia 
338 |a Band  |b nc  |2 rdacarrier 
500 |a Literaturverz. S. 269 - 284 
502 |a Zugl.: Würzburg, Univ., Diss., 1997 
583 1 |a Archivierung/Langzeitarchivierung gewährleistet  |f PENI  |x XA-DE-NI  |2 pdager  |5 DE-35 
583 1 |a Archivierung prüfen  |c 20240324  |f DE-4165  |z 2  |2 pdager 
655 7 |a Hochschulschrift  |0 (DE-588)4113937-9  |0 (DE-627)105825778  |0 (DE-576)209480580  |2 gnd-content 
689 0 0 |d g  |0 (DE-588)4243718-0  |0 (DE-627)10419541X  |0 (DE-576)210456922  |a Deutschland  |g Westliche Länder  |2 gnd 
689 0 1 |d s  |0 (DE-588)4032656-1  |0 (DE-627)106260766  |0 (DE-576)208998071  |a Kraftfahrer  |2 gnd 
689 0 2 |d s  |0 (DE-588)4303267-9  |0 (DE-627)12161851X  |0 (DE-576)21105691X  |a Erwachsener  |g 18-25 Jahre  |2 gnd 
689 0 3 |d s  |0 (DE-588)4068547-0  |0 (DE-627)104743433  |0 (DE-576)209174137  |a Alkoholmissbrauch  |2 gnd 
689 0 4 |d g  |0 (DE-588)4252579-2  |0 (DE-627)104387394  |0 (DE-576)21052412X  |a Deutschland  |g Östliche Länder  |2 gnd 
689 0 |5 DE-101 
689 1 0 |d s  |0 (DE-588)4032656-1  |0 (DE-627)106260766  |0 (DE-576)208998071  |a Kraftfahrer  |2 gnd 
689 1 1 |d s  |0 (DE-588)4303267-9  |0 (DE-627)12161851X  |0 (DE-576)21105691X  |a Erwachsener  |g 18-25 Jahre  |2 gnd 
689 1 2 |d s  |0 (DE-588)4068547-0  |0 (DE-627)104743433  |0 (DE-576)209174137  |a Alkoholmissbrauch  |2 gnd 
689 1 3 |d s  |0 (DE-588)4076308-0  |0 (DE-627)104364106  |0 (DE-576)209201428  |a Prävention  |2 gnd 
689 1 4 |d s  |0 (DE-588)4075968-4  |0 (DE-627)106084119  |0 (DE-576)20920043X  |a Peer-Group  |2 gnd 
689 1 5 |d s  |0 (DE-588)4055719-4  |0 (DE-627)106157027  |0 (DE-576)209115106  |a Soziale Kontrolle  |2 gnd 
689 1 |5 DE-101 
751 |a Würzburg  |0 (DE-588)4067037-5  |0 (DE-627)10611073X  |0 (DE-576)209167939  |4 uvp 
883 |8 1\p  |a cgwrk  |d 20241001  |q DE-101  |u https://d-nb.info/provenance/plan#cgwrk 
935 |i Blocktest 
936 r v |a CW 7000  |b Verkehrspsychologie  |k Psychologie  |k Angewandte Psychologie  |k Andere Gebiete der angewandten Psychologie  |k Verkehrspsychologie  |0 (DE-627)1271070707  |0 (DE-625)rvk/19203:  |0 (DE-576)201070707 
936 r v |a ZO 4870  |b Straßenverkehrssicherheit; Technischer Überwachungsverein (TÜV)  |k Technik  |k Verkehr, Transport  |k Straßenverkehr  |k Straßenverkehrssicherheit; Technischer Überwachungsverein (TÜV)  |0 (DE-627)1271473291  |0 (DE-625)rvk/157747:  |0 (DE-576)201473291 
936 b k |a 71.66  |j Sucht als soziales Problem  |0 (DE-627)106412256 
936 b k |a 86.71  |j Verkehrsrecht  |0 (DE-627)106411713 
951 |a BO 
ELC |b 1 
LOK |0 000 xxxxxcx a22 zn 4500 
LOK |0 001 3215739097 
LOK |0 003 DE-627 
LOK |0 004 235775908 
LOK |0 005 19990514000000 
LOK |0 008 990514||||||||||||||||ger||||||| 
LOK |0 040   |a DE-21-110  |c DE-627  |d DE-21-110 
LOK |0 852   |a DE-21-110 
LOK |0 852 1  |c C XIII 162  |m p  |9 00 
LOK |0 935   |a k110 
LOK |0 936ln  |a 10.6 
LOK |0 938   |k p 
LOK |0 939   |a 14-05-99  |b l01 
ORI |a SA-MARC-krimdoka001.raw 
SIG |a IFK: C XIII 162